My Singing Monsters Elements Quiz - Statistics

General Stats
  • This quiz has been taken 24 times
    21 since last reset
  • The average score is 31 of 41
Answer Stats
Picture Answer % Correct
Air
100%
Bone
100%
Cold
100%
Earth
100%
Faerie
100%
Fire
100%
Light
100%
Plant
100%
Plasma
100%
Water
100%
Mech
94%
Poison
94%
Psychic
94%
Supernatural
94%
Crystal
88%
Legendary
88%
Shadow
88%
Dipster
76%
Dream
76%
Mythical
76%
Celestial
71%
Festival of Yay
71%
Ruin
71%
Spooktacle
71%
Control
65%
Depths
65%
Echoes of Eco
65%
SummerSong
65%
Titansoul
65%
Beat Hereafter
59%
Life-Formula
59%
Anniversary Month
53%
Crescendo Moon
53%
Eggs-Travaganza
53%
Hoax
53%
Season of Love
53%
Cloverspell
47%
SkyPainting
47%
Feast-Ember
41%
Perplexplore
41%
MindBoggle
35%
No matching quizzes found
Score Distribution
Percent of People with Each Score
Percentile by Number Answered
Your Score History
You have not taken this quiz since the last reset